| 000 | 01353nam a2200217Ia 4500 | ||
|---|---|---|---|
| 999 |
_c34446 _d34446 |
||
| 001 | 190 | ||
| 003 | GE_BSU | ||
| 005 | 20220818123620.0 | ||
| 008 | 181216s1994||||ge |||||||||||||| ||geo|| | ||
| 020 | _a5520015236 | ||
| 040 | _cGE_BSU | ||
| 041 | _ageo | ||
| 080 | _a681.3(038)+681.14(038) ბ–564 | ||
| 100 |
_aბერულავა, რევაზ _914537 |
||
| 245 |
_aინგლისურ-რუსულ-ქართული ტექნიკური განმარტებითი ლექსიკონი = English-Russian-Georgian Dictionary of computers and information technology = Англо-русско-грузинский технический толковый словарь : _b(გამოთვლითი ტექნიკა, დაპროგრამება...) / _c რევაზ ბერულავა, იდელა ქვაჩახია ; ივერი ფრანგიშვილის წინასიტყვ. და რედ. ; საქ. მეცნ. აკად., საქ. საინჟ. აკადემია. |
||
| 264 |
_aთბ. : _bმეცნიერება, _c1994. |
||
| 300 |
_a142 გვ.; _b20 სმ. |
||
| 653 | _aლექსიკონი | ||
| 700 |
_aქვაჩახია, იდელა _eავტორი _914538 |
||
| 942 |
_cBK _2udc |
||